000 01058nam a2200265 i 4500
003 OSt
005 20260530115317.0
008 260507b2004 mx a|||| |||| 00| 0 spa d
040 _aICI
_bspa
_cICI
041 _aspa
050 _aNA759.A43
_bC78 2004
100 _aCruz González Franco, Lourdes,
_eautora
245 _aAugusto H. Álvarez
_bVida y obra /
_cLourdes Cruz González Franco
250 _a1a edición
264 _aMéxico
_bUniversidad Nacional Autónoma de México, Facultad de Arquitectura,
_c2004
300 _a95 páginas :
_bIlustraciones ;
336 _2rdacontent
_atexto
337 _2rdamedia
_avolumen
338 _2rdacarrier
_avolumen
520 _aMonografía sobre la vida y obra del arquitecto mexicano Augusto H. Álvarez y su contribución a la arquitectura moderna y funcionalista en México.
600 _aÁlvarez, Augusto H.,
_d1914-1995
_xCrítica e interpretación.
_933791
650 _aModern movement (Architecture)
_zMéxico
_933792
650 _aArquitectura moderna
_ySiglo XX.
_zMéxico
942 _2lcc
_cBK
_n1
999 _c13615
_d13615